FACIT Special 2009 (Record no. 1820)
[ view plain ]
| 000 -LEADER | |
|---|---|
| fixed length control field | 00390nam a22000857a 4500 |
| 008 - FIXED-LENGTH DATA ELEMENTS--GENERAL INFORMATION | |
| fixed length control field | 160312b xxu||||| |||| 00| 0 eng d |
| 100 ## - MAIN ENTRY--AUTHOR'S NAME | |
| Author's Name | Facit Forlag AB |
| 245 ## - TITLE STATEMENT | |
| Title | FACIT Special 2009 |
| 650 ## - TOPICAL TERM (Tag) | |
| Topical term or geographic name | Sweden | Norway | Denmark | Faroe Islands | Greenland | Danish West Indies | Danish Colonies | Iceland | Finland | Aland Islands | Scandinavia | Catalogs and Price Lists | Postal Stationery | Revenues |
| Withdrawn status | Lost status | Source of classification or shelving scheme | Damaged status | Koha normalized classification for sorting | Not for loan | Permanent Location | Current Location | Date acquired | Total Checkouts | Full call number | Barcode | Date last seen | Price effective from | Koha item type |
|---|---|---|---|---|---|---|---|---|---|---|---|---|---|---|
| G6910 A1 F142 | Northern Philatelic Library | Northern Philatelic Library | 03/12/2016 | G6910 .A1 F142 | 1002139 | 03/12/2016 | 03/12/2016 | Stamp Catalogs |